000 00730nam a2200217 a 4500
005 20210223130608.0
008 080821s1982 mx r 000 0 spa d
035 _aUPN01000159393
049 _aUNE
080 _a37.014. 22 (100)=20 ROB No.120.
100 1 _aRoberts, M. E. S.
245 1 0 _aLiteracy and numeracy related to water /
_cby M. E. S. Roberts.
260 _aParís :
_bUNESCO ;
_aNew York :
_bUNICEF,
_c1982.
300 _a47 p. :
_bil., retrs.
440 0 _aNotes, comments... ;
_v120
690 _aProgramas de alfabetizacion - Metodos de enseñanza
690 _aAlfabetizacion de adultos - Metodos de enseñanza
710 2 _aUNICEF
_924085
710 2 _aPrograma de Alimentación Mundial
905 _aUNESCO
999 _c131507
_d131507